Argentina Provinces Quiz - Statistics

General Stats
  • This quiz has been taken 17 times
  • The average score is 21 of 24
Answer Stats
Capital Province % Correct
La Plata Buenos Aires
100%
______ Córdoba
100%
______ Catamarca
93%
Resistencia Chaco
93%
Rawson Chubut
93%
______ Corrientes
93%
San Salvador de ______ Jujuy
93%
Santa Rosa de Toay La Pampa
93%
______ Mendoza
93%
Posadas Misiones
93%
______ Neuquén
93%
______ San Juan
93%
______ San Luis
93%
Ushuaia Tierra del Fuego
93%
San Miguel de ______ Tucumán
93%
Paraná Entre Ríos
86%
______ Formosa
86%
Viedma Río Negro
86%
______ Salta
86%
Río Gallegos Santa Cruz
86%
______ Santa Fe
86%
______ Santiago del Estero
86%
______ La Rioja
71%
Buenos Aires Distrito Federal
36%
No matching quizzes found
Score Distribution
Percent of People with Each Score
Percentile by Number Answered
Your Score History
You have not taken this quiz